000 00627nam a2200229Ia 4500
003 OSt
005 20221007074125.0
006 a|||||r|||| 00| 0
007 ta
008 221006b |||||||| |||| 00| 0 eng d
024 _a17,360
037 _cTextual
040 _aFLL
_cFLL
_beng
041 _2eng
_aeng
082 _aXM55:Z2yN7z, J7
100 _aAiyar A.N. Au.
_9295101
245 0 _aDigest of company cases
260 _aMadras
_bCompany law Institute of India India
_c1957
300 _alxxxv,1045p
_ccm.
942 _hXM55:Z2yN7z, J7
_cTEXL
_2CC
999 _c1151245
_d1151245